Geology and ground water resources of Cass County, North Dakota. (Record no. 30417)

MARC details
000 -LEADER
fixed length control field 01454cam a2200337 4500
001 - CONTROL NUMBER
control field gs 68000155
003 - CONTROL NUMBER IDENTIFIER
control field DLC
005 - DATE AND TIME OF LATEST TRANSACTION
control field 20260227111422.0
008 - FIXED-LENGTH DATA ELEMENTS--GENERAL INFORMATION
fixed length control field 690506m19669999nduab b 000 0 eng c
010 ## - LIBRARY OF CONGRESS CONTROL NUMBER
LC control number gs 68000155 //r934
040 ## - CATALOGING SOURCE
Original cataloging agency U.S. Geological Survey Library
Transcribing agency DLC
Modifying agency DLC
110 20 - MAIN ENTRY--CORPORATE NAME
Corporate name or jurisdiction name as entry element North Dakota Geological Survey.
245 00 - TITLE STATEMENT
Title Geology and ground water resources of Cass County, North Dakota.
260 0# - PUBLICATION, DISTRIBUTION, ETC.
Place of publication, distribution, etc. Grand Forks,
Date of publication, distribution, etc. 1966-
300 ## - PHYSICAL DESCRIPTION
Extent pts.
Other physical details illus., maps.
Dimensions 23 cm.
490 1# - SERIES STATEMENT
Series statement Bulletin
Volume/sequential designation 47
490 1# - SERIES STATEMENT
Series statement County ground water studies, 8.
500 ## - GENERAL NOTE
General note Prepared by the U.S. Geological Survey in cooperation with the North Dakota State Water Commission, North Dakota Geological Survey, and Cass County Board of Commissioners.
500 ## - GENERAL NOTE
General note Part of illustrative matter folded in pockets.
504 ## - BIBLIOGRAPHY, ETC. NOTE
Bibliography, etc. note Includes bibliographies.
505 1# - FORMATTED CONTENTS NOTE
Formatted contents note Pt. 1. Geology, by Robert L. Klausing.--Pt. 2. Ground water basic data, by Robert L. Klausing.
650 #0 - SUBJECT ADDED ENTRY--TOPICAL TERM
Topical term or geographic name entry element Geology
Geographic subdivision North Dakota
-- Cass County.
650 #0 - SUBJECT ADDED ENTRY--TOPICAL TERM
Topical term or geographic name entry element Water-supply
Geographic subdivision North Dakota
-- Cass County.
650 #0 - SUBJECT ADDED ENTRY--TOPICAL TERM
Topical term or geographic name entry element Groundwater
Geographic subdivision North Dakota
-- Cass County.
650 #0 - SUBJECT ADDED ENTRY--TOPICAL TERM
Topical term or geographic name entry element Borings
Geographic subdivision North Dakota
-- Cass County.
710 20 - ADDED ENTRY--CORPORATE NAME
Corporate name or jurisdiction name as entry element Geological Survey (U.S.)
710 20 - ADDED ENTRY--CORPORATE NAME
Corporate name or jurisdiction name as entry element North Dakota State Water Commission.
700 10 - ADDED ENTRY--PERSONAL NAME
Personal name Klausing, Robert L.
810 1# - SERIES ADDED ENTRY--CORPORATE NAME
Corporate name or jurisdiction name as entry element North Dakota.
Subordinate unit Geological Survey.
Title of a work County ground water studies,
Volume/sequential designation 8
830 #0 - SERIES ADDED ENTRY--UNIFORM TITLE
Uniform title Bulletin (North Dakota Geological Survey) ;
Volume/sequential designation 47.

No items available.

Powered by Koha